00282nam a2200109Ia 4500008004100000100001600041245003600057260004500093300000900138942000800147999001700155190216s9999||||xx |||||||||||||| ||und|| aDhilllon R 0aBank Probationary Officers Exam b"Dhillian Publications, New Delhi"c1986 a657p cREF c35711d35711